| 000 | 00388pab a2200145 454500 | ||
|---|---|---|---|
| 008 | 180718b1984 xxu||||| |||| 00| 0 eng d | ||
| 100 | _aKapoor, T.N. | ||
| 245 | _aDifferences in levels of fertility and mortality between Kerala and Uttar Pradesh | ||
| 260 | _c1984 | ||
| 300 | _a3-14 | ||
| 362 | _aDec. | ||
| 650 | _aBirth Control | ||
| 773 | _aJournal of Family Welfare | ||
| 909 | _a4470 | ||
| 999 |
_c4470 _d4470 |
||